Регионална библиотека "Любен Каравелов" - Русе

Човекът, който умееше да прави само пари (Запис номер 32261)

MARC детайли
000 -Лидер
Контролно поле с фиксирана дължина 01649nam a2200373 c 4500
003 - Код на организацията, давaща контролен номер
Контролно поле BLK
005 - Дата и час на последна редакция
Контролно поле 20180422100103.0
008 - Елементи от данни с фиксирана дължина
fixed length control field 180407b bul|||||r ||||||| ||bul||
010 ## - Наследен системен номер
LC control number KNG00034931000
040 ## - Източник на каталожния запис
Идентификатор на билиотеката - собственик на записа BLK
041 ## - Код за език
Код за езика на текст/звукозапис или на отделно заглавие Български
Код за езика КДБФ Български
080 ## - УДК
Текстов определител УДК Българска литература
УДК код - определител по УДК 821.163.2
УДК определител -312.6
УДК - код + определител 821.163.2-312.6
080 ## - УДК
Текстов определител УДК Политика. Вж и 341 ; 342
УДК код - определител по УДК 32
УДК определител (497.2)(092)
УДК - код + определител 32(497.2)(092)
080 ## - УДК
Текстов определител УДК Български политик, държавник и дипломат
УДК код - определител по УДК 929 Дойнов, Огнян Наков
УДК определител
УДК - код + определител 929 Дойнов, Огнян Наков
100 1# - Редна дума - Автор
Автор Христозов, Петър
Авторска отговорност първи автор
R(LIN) 251078
139 ## - Редно поле
Редна дума Христозов, Петър
Авторски знак Христод - Х 82
245 10 - Сведения за заглавието
Заглавие Човекът, който умееше да прави само пари
Подзаглавни данни Роман [за Огнян Дойнов]
Редно поле (дума) Петър Христозов; * Христо Димитров Вълчев.
257 ## - Страна на издаване
Страна на създаване/издаване България
260 ## - Област на издателските данни
-- София
Име на издателя, разпространителя и проч. Арена
Година на издаване 2000
Печатница Враца : Полипринт АД
300 ## - Физическа характеристика
Страници 142 с.
Размери/Мащаб 20 см
380 ## - Жанр
Жанр Худож. лит.
500 ## - Общи забележки
Забележка Петър Христозов - псевд. на Христо Вълчев. - Офс. изд. - 2 000 тир.
600 14 - Име на лице, използвано като предмет
За него / За нея Дойнов, Огнян Наков
9 (RLIN) 272162
650 #4 - Допълнително описание по предмет – тема
Основно описание – тема или топоним Дойнов, Огнян Наков
9 (RLIN) 272162
653 ## - Ключова дума – ненормативна
Ключова дума романи
653 ## - Ключова дума – ненормативна
Ключова дума биографии
653 ## - Ключова дума – ненормативна
Ключова дума политически романи
700 1# - Други автори (авторска отговорност)
Лично име Вълчев, Христо Димитров
Автороска отговорност (Описва отношението между автора и произведението) *
9 (RLIN) 366782
852 ## - Местоположение
Форматна сигнатура Цб 207129
856 4# - Електронен адрес и достъп
Електронен формат pdf - файл
Път до файла /url/
856 4# - Електронен адрес и достъп
Електронен формат pdf - файл
Път до файла /url/
942 ## - АРТИКУЛИ
Вид на библиотечния материал Книги
Скрит в OPAC Не
944 ## - СЪЗДАВАНЕ И РЕДАКЦИЯ на ЗАПИСА
Създаване/Редакция Създаване
Дата на регистрацията/редакция 15.01.2003
Служител, извършил регистрацията/редакцията Людмила_Стоянова
944 ## - СЪЗДАВАНЕ И РЕДАКЦИЯ на ЗАПИСА
Създаване/Редакция Редакция
Дата на регистрацията/редакция 06.11.2003
Служител, извършил регистрацията/редакцията
999 ## - СИСТЕМНИ КОНТРОЛНИ НОМЕРА
Koha biblionumber 32261
Koha biblioitemnumber 32261
Наличности
Код за отписване Код за изгубен артикул Източник на класификационната схема Код за повреда Коз за рестрикции Код за отдаване Артикулен № Име на библиотеката - собственик Име на библиотеката, в която се намира в момента Статус (Текущо местоположение) Дата на вписване в системата Местоположение - отдел Цена в лева Инвентарен номер Систематично азбучна сигнатура Баркод Номер на екземпляра Цена в евро Служебна бележка Служебен тип на артикула
  Не е изгубен Universal Decimal Classification Не е повреден без рестрикции ползва се в читалня 51510 Регионална библиотека "Любен Каравелов" Русе Регионална библиотека "Любен Каравелов" Русе Хранилище 2001-01-16 Хранилище 0.00 661740 Цб 207129 120000661740 1 0.00 Дост: Dp Вид: Д N: 3 Дата: 16.01.2001 Книги
Изтеглен Не е изгубен Universal Decimal Classification Не е повреден без рестрикции заемане за дома 51511 Регионална библиотека "Любен Каравелов" Русе Регионална библиотека "Любен Каравелов" Русе Заемна - подръчен фонд 2003-11-04 Заемна - подръчен фонд 4.00 120000679645 П 886.7-31/Х 82 120000679645 2 2.05 Дост: Pk Вид: Ф N: 8847 Дата: 01.11.2003 Книги
Vip Innovations Ltd, Rousse, Bulgaria 2025